000 00780nam a22001697a 4500
999 _c59546
_d59546
003 Ge_BSU
005 20230313133530.0
008 230313s1999 ge ||||| |||| 00| 0 geo d
020 _a9992880805
041 _ageo
080 _a342.4(479.22) ს-32
245 _aსაქართველოს კონსტიტუცია :
_bმიღებულია 1995 წლის 24 აგვისტოს. (1999 წლის 20 ივლისის ცვლილებებითა და დამატებებით /) /
_c[რედ. ზ. ნანობაშვილი.]
264 _aთბილისი :
_c1999.
300 _a72 გვ. ;
_b21 სმ.
653 _aსაქართველოს კონსტიტუცია
942 _2udc
_cMX